[Event "Uljanovsk Povolje op"]
[Site "Uljanovsk"]
[Date "2015.09.26"]
[Round "7"]
[White "Uryadov, Sergey A"]
[Black "Triapkin, Pavel"]
[Result "0-1"]
[WhiteElo "1778"]
[BlackElo "2306"]
[PlyCount "120"]
[EventDate "2015.09.12"]
[EventType "swiss"]
[EventRounds "9"]
[EventCountry "RUS"]
[SourceTitle "EXT 2016"]
[Source "ChessBase"]
[SourceDate "2015.10.08"]
[SourceVersion "1"]
[SourceVersionDate "2015.10.08"]
[SourceQuality "1"]

1. d4 d5 2. Nf3 c6 3. c4 e6 4. Nc3 f5 5. g3 Nf6 6. Bg2 Bd6 7. 0-0 0-0 8. b3 Nbd7 9. Bb2 Ne4 10. Nxe4 fxe4 11. Nd2 Nf6 12. e3 Bd7 13. f3 exf3 14. Bxf3 Qc7 15. Qe2 e5 16. e4 exd4 17. Bxd4 Rae8 18. cxd5 cxd5 19. Rac1 Bc6 20. Bxf6 Rxf6 21. Qg2 d4 22. Be2 Ref8 23. Bd3 Qe7 24. Rxf6 Rxf6 25. Rf1 g6 26. Rxf6 Qxf6 27. Qf2 Kg7 28. Qxf6+ Kxf6 29. Nc4 Bc7 30. Kf2 b5 31. Nd2 h5 32. Nf3 g5 33. Ke2 Be5 34. Bc2 g4 35. Nd2 Bd6 36. e5+ Bxe5 37. Ne4+ Kg7 38. Kd3 Bd7 39. Ke2 h4 40. Kf2 hxg3+ 41. hxg3 Bf5 42. Bd3 Kf8 43. Kg2 Ke7 44. Kf2 Kd8 45. Nd6 Bxg3+ 46. Kxg3 Bxd3 47. Kxg4 Kc7 48. Nf7 b4 49. Ng5 Kd6 50. Kf4 Bb1 51. Kf3 Bxa2 52. Ne4+ Kd5 53. Nd2 a5 54. Ke2 Bxb3 55. Nxb3 a4 56. Nd2 b3 57. Kd3 Kc5 58. Ne4+ Kb4 59. Kd2 Ka3 60. Kc1 Ka2 0-1